00509nam 22001693 450000100060000010000410000610100080004720000820005521000300013721500180016731700390018550000400022460600170026470000210028170100280030280100090033032535 a20260310d u||y0pory50 ba aeng aPrinciples of Physical OceanographyfGerhard NeumanngWillard J. Pierson, Jr. aEUAcPrentice- Halld1966 a545 p.d28 cm 5Serviço Meteorológico Nacional aPrinciples of Physical Oceanography xOceanografia aNeumannbGerhard aJr.bWillard J. pierson gISBD